|
|
|
|
| LEADER |
00000nam0a2200000 4500 |
| 001 |
138578 |
| 005 |
20231031141506.0 |
| 010 |
|
|
|a 5235018893
|
| 020 |
|
|
|a RU
|b 92-11661
|
| 035 |
|
|
|a (RuTPU)RU\TPU\book\150154
|
| 090 |
|
|
|a 138578
|
| 100 |
|
|
|a 20080528d1992 m y0rusy5003 ca
|
| 101 |
0 |
|
|a rus
|
| 102 |
|
|
|a RU
|
| 105 |
|
|
|a y z 000ay
|
| 200 |
1 |
|
|a Жизнь и смерть сержанта Шеломова
|e [Повесть]
|f А. В. Житков
|
| 210 |
|
|
|a Москва
|c Молодая гвардия
|d 1992
|
| 215 |
|
|
|a 189,[2] с.
|
| 333 |
|
|
|a Исключено из фонда НТБ ТПУ
|
| 700 |
|
1 |
|a Житков
|b А. В.
|g Андрей Викторович
|
| 801 |
|
0 |
|a RU
|b RuMRKP
|c 19950417
|g psbo
|
| 801 |
|
1 |
|a RU
|b 63413507
|c 20080528
|g PSBO
|
| 801 |
|
2 |
|a RU
|b 63413507
|c 20220513
|g PSBO
|
| 942 |
|
|
|c BK
|